Insight guide : Burma / Myanmar.
| Format: | Book |
|---|---|
| Published: |
Singapore:
Apa Publications,
1999.
|
| Subjects: |
| LEADER | 00524cam a2200169 7i4500 | ||
|---|---|---|---|
| 001 | 0000007704 | ||
| 005 | 20000608090000.0 | ||
| 020 | 0 | 0 | |a 9624212279 |
| 090 | 0 | 0 | |a MYAN 910.202959 |b INS |
| 245 | 0 | 0 | |a Insight guide : |b Burma / Myanmar. |
| 260 | 0 | 0 | |a Singapore: |b Apa Publications, |c 1999. |
| 300 | # | # | |a 298 p. |
| 650 | 0 | 0 | |a Voyages and travels -- |x Guidebooks -- |z Myanmar |
| 650 | 0 | 0 | |a Voyages and travels -- |x Guidebooks -- |z Burma |
| 651 | 0 | 0 | |a Burma |
| 651 | 0 | 0 | |a Myanmar |
| 999 | |a B000010923 |b Book |c Countries |e Business Information Centre | ||


